000
00342 a2200157 4500
001
156347
020
_a
856241532
040
_c
Escola São Tomás de Aquino
100
_a
MACEDO, Joaquim Manuel
240
1
0
_a
A moreninha
_l
por
245
1
0
_a
A moreninha
300
_a
95
362
0
_a
2001
697
_a
*LITERATURA JUVENIL
942
_c
BK
999
_c
156347
_d
156347